MLB Year in Review 2004 - Statistics

General Stats
  • This quiz has been taken 8 times
  • The average score is 14 of 25
Answer Stats
Category Answer % Correct
ALCS Loser New York Yankees
100%
NL MVP (STL) Albert Pujols
86%
Wins Leader (21 BOS) Curt Schilling
86%
NLCS Loser Houston Astros
86%
Saves Leader (53 NYY) Mariano Rivera
86%
World Series Loser St. Louis Cardinals
86%
Best Record (105-57) St. Louis Cardinals
86%
WAR Leader (10.6 SFG) Barry Bonds
71%
World Series Winner Boston Red Sox
71%
Hits Leader (262 SEA) Ichiro Suzuki
71%
Batting Champion (.372 SEA) Ichiro Suzuki
71%
AL Cy Young (MIN) Johan Santana
71%
Strike Outs Leader (290 ARI) Randy Johnson
71%
AL MVP (ANA) Vladimir Guerrero
71%
ERA Leader (2.27 SDP) Jake Peavy
57%
Home Run Leader (48 LAD) Adrian Beltre
43%
Worst Record (51-111) Arizona Diamondbacks
43%
NL Cy Young (HOU) Rodger Clemens
43%
Triples Leader (19 TBD) Carl Crawford
29%
RBI Leader (150 BAL) Miguel Tejada
29%
Name 1 HOF Inductee (DE, PM) Dennis Eckersley | Paul Molitor
14%
NL Rookie of the Year (PIT) Jason Bay
14%
Stolen Base Leader (70 MIL) Scott Podsednik
14%
AL Rookie of the Year (OAK) Bobby Crosby
0%
Doubles Leader (53 MIL) Lyle Overbay
0%
No matching quizzes found
Score Distribution
Percent of People with Each Score
Percentile by Number Answered
Your Score History
You have not taken this quiz